Everglades / (Record no. 5766)

MARC details
000 -LEADER
fixed length control field 00943nam a22003017a 4500
001 - CONTROL NUMBER
control field 5766
003 - CONTROL NUMBER IDENTIFIER
control field FISKH
005 - DATE AND TIME OF LATEST TRANSACTION
control field 20250121161736.0
008 - FIXED-LENGTH DATA ELEMENTS--GENERAL INFORMATION
fixed length control field 250121b cb ||||| |||| 00| 0 eng d
020 ## - INTERNATIONAL STANDARD BOOK NUMBER
International Standard Book Number 9780064461948
040 ## - CATALOGING SOURCE
Original cataloging agency FISKH
Language of cataloging eng
Transcribing agency FISKH
Modifying agency FISKH
050 ## - LIBRARY OF CONGRESS CALL NUMBER
Classification number F317.E9
082 ## - DEWEY DECIMAL CLASSIFICATION NUMBER
Classification number 975.9
100 ## - MAIN ENTRY--PERSONAL NAME
Personal name George, Craighead Jean
Dates associated with a name (1919–2012)
245 ## - TITLE STATEMENT
Title Everglades /
Statement of responsibility, etc. Jean Craighead George
250 ## - EDITION STATEMENT
Edition statement This edition published in 1995
260 ## - PUBLICATION, DISTRIBUTION, ETC.
Place of publication, distribution, etc. New York :
Name of publisher, distributor, etc. Harper Collins,
Date of publication, distribution, etc. 1995.
300 ## - PHYSICAL DESCRIPTION
Extent 28 pages :
Other physical details color illustrations ;
Dimensions 28 cm
505 ## - FORMATTED CONTENTS NOTE
Formatted contents note N<br/>
520 ## - SUMMARY, ETC.
Summary, etc. Describes the Florida Everglades, the evolution of this unique area, and the impact humans have had on its once-abundant life forms.
521 8# - TARGET AUDIENCE NOTE
Target audience note 570<br/>
Source Lexile<br/>
521 8# - TARGET AUDIENCE NOTE
Target audience note N<br/>
Source Raz-Plus<br/>
650 ## - SUBJECT ADDED ENTRY--TOPICAL TERM
Source of heading or term Animals
Topical term or geographic name entry element Birds
650 ## - SUBJECT ADDED ENTRY--TOPICAL TERM
Source of heading or term Conservation
Topical term or geographic name entry element Florida
700 ## - ADDED ENTRY--PERSONAL NAME
Personal name Minor, Wendell
Dates associated with a name illustrator
942 ## - ADDED ENTRY ELEMENTS (KOHA)
Source of classification or shelving scheme Dewey Decimal Classification
Koha item type Books
Suppress in OPAC No
Holdings
Withdrawn status Lost status Source of classification or shelving scheme Damaged status Not for loan Collection Home library Current library Shelving location Date acquired Total Checkouts Full call number Barcode Date last seen Copy number Price effective from Koha item type
    Dewey Decimal Classification     Juvenile Fiction Footprints International School Library Network Toul Kork Campus Footprints International School Library Network Toul Kork Campus TK Primary Library Room(4th Floor), Bookcase 3&4, Shelves 17-32, Yellow Books 01/21/2025   GEO 975.9 F317.E9 FISTK01672 01/21/2025 1 01/21/2025 Books